[Event "BCF-chT3 1314 (4NCL)"]
[Site "England"]
[Date "2014.05.05"]
[Round "11.185"]
[White "Paterson, Andrew I"]
[Black "Brijmohun, Krishna Louis"]
[Result "1-0"]
[WhiteElo "2075"]
[BlackElo "1978"]
[PlyCount "47"]
[EventDate "2013.11.16"]
[EventType "team-swiss"]
[EventRounds "11"]
[EventCountry "ENG"]
[SourceTitle "EXT 2015"]
[Source "ChessBase"]
[SourceDate "2014.11.20"]
[SourceVersion "1"]
[SourceVersionDate "2014.11.20"]
[SourceQuality "1"]
[WhiteTeam "Warwicks Select II"]
[BlackTeam "Bristol University"]
[WhiteTeamCountry "ENG"]
[BlackTeamCountry "ENG"]

1. e4 e5 2. Nf3 Nc6 3. Bb5 a6 4. Ba4 Nf6 5. d3 b5 6. Bb3 Be7 7. a4 b4 8. 0-0 d6 9. c3 0-0 10. Nbd2 Rb8 11. Nc4 h6 12. Ne3 Na5 13. Bc2 b3 14. Bb1 c5 15. d4 cxd4 16. cxd4 Qc7 17. Bd2 Be6 18. Bd3 exd4 19. Nxd4 Bd7 20. Bxa6 Nxe4 21. Nd5 Qc5 22. Nxe7+ Kh8 23. Bxa5 Qxa5 24. Bb5 1-0

[Event "BCF-chT3 1314 (4NCL)"]
[Site "England"]
[Date "2014.05.03"]
[Round "9.185"]
[White "Moore, Gerald C"]
[Black "Brijmohun, Krishna Louis"]
[Result "1-0"]
[WhiteElo "2213"]
[BlackElo "1978"]
[PlyCount "47"]
[EventDate "2013.11.16"]
[EventType "team-swiss"]
[EventRounds "11"]
[EventCountry "ENG"]
[SourceTitle "EXT 2015"]
[Source "ChessBase"]
[SourceDate "2014.11.20"]
[SourceVersion "1"]
[SourceVersionDate "2014.11.20"]
[SourceQuality "1"]
[WhiteTeam "Broadland"]
[BlackTeam "Bristol University"]
[WhiteTeamCountry "ENG"]
[BlackTeamCountry "ENG"]

1. Nf3 Nf6 2. c4 c5 3. Nc3 d6 4. d4 cxd4 5. Nxd4 g6 6. e4 Bg7 7. Be2 Nc6 8. Be3 a6 9. 0-0 Qc7 10. Rc1 0-0 11. Qd2 Ng4 12. Bxg4 Bxg4 13. Nd5 Qd8 14. h3 Nxd4 15. Bxd4 Be6 16. Bxg7 Kxg7 17. Qd4+ Kg8 18. Nb6 Rb8 19. Rfe1 Re8 20. Rc3 Qc7 21. b4 Rbd8 22. f4 f5 23. Rce3 Kf7 24. exf5 1-0

[Event "BCF-chT3S 1314 (4NCL)"]
[Site "England"]
[Date "2013.11.17"]
[Round "2.11"]
[White "Brijmohun, Krishna Louis"]
[Black "Pugh, Glyn D"]
[Result "1-0"]
[WhiteElo "1944"]
[BlackElo "1867"]
[PlyCount "29"]
[EventDate "2013.11.16"]
[EventType "team-swiss"]
[EventRounds "6"]
[EventCountry "ENG"]
[SourceTitle "CBM 157 Extra"]
[Source "ChessBase"]
[SourceDate "2013.12.19"]
[SourceVersion "1"]
[SourceVersionDate "2013.12.19"]
[SourceQuality "1"]
[WhiteTeam "Bristol University"]
[BlackTeam "Shropshire"]
[WhiteTeamCountry "ENG"]
[BlackTeamCountry "ENG"]

1. e4 e6 2. d4 d5 3. Be3 dxe4 4. Nd2 Nf6 5. c3 b6 6. Qc2 Bb7 7. f3 exf3 8. Ngxf3 Be7 9. Be2 Nbd7 10. 0-0 c5 11. Nc4 Nd5 12. dxc5 bxc5 13. Nfe5 f6 14. Bh5+ Kf8 15. Nf7 1-0

[Event "BCF-chT2 1011 (4NCL) North"]
[Site "England"]
[Date "2010.11.07"]
[Round "2"]
[White "Pardo Simon, David"]
[Black "Brijmohun, Krishna Louis"]
[Result "1/2-1/2"]
[WhiteElo "2336"]
[BlackElo "1858"]
[PlyCount "43"]
[EventDate "2010.11.06"]
[EventType "team-swiss"]
[EventRounds "9"]
[EventCountry "ENG"]
[SourceTitle "EXT 2012"]
[Source "ChessBase"]
[SourceDate "2011.11.24"]
[SourceVersion "1"]
[SourceVersionDate "2011.11.24"]
[SourceQuality "1"]

1. d4 Nf6 2. c4 Nc6 3. Nc3 e5 4. d5 Ne7 5. e4 Ng6 6. h4 h5 7. Bg5 Bb4 8. a3 Bxc3+ 9. bxc3 d6 10. Bd3 b6 11. Ne2 Nf8 12. Ng3 g6 13. 0-0 N8h7 14. f4 Nxg5 15. fxg5 Nd7 16. Ra2 Rh7 17. Raf2 Qe7 18. Be2 Nc5 19. Rf6 Bd7 20. Qe1 0-0-0 21. Qf2 Be8 22. Kh2 1/2-1/2